| 000 | 00976nam a2200277 a 4500 | ||
|---|---|---|---|
| 001 | 000041149 | ||
| 003 | DO-SdBNP | ||
| 005 | 20251119123450.0 | ||
| 008 | 090904s2002 dr 000 0 spa d | ||
| 040 |
_aDO-SdBNP _bspa _cBNPHU |
||
| 082 |
_a519.53 _bC933e, 2002 |
||
| 100 | 1 |
_aCristo Nova, José A. _919733 |
|
| 245 | 1 | 0 |
_aEstadística descriptiva : _bmanual de práctica / _cJosé A. Cristo Nova, Abrahan A. Moreta, Fidel S. Luna. |
| 250 | _a2a. ed. | ||
| 260 |
_aSanto Domingo : _bUCSD, _c2002. |
||
| 300 |
_a147 p. ; _c28 cm. |
||
| 590 | _aInventariado, 2020/MFF | ||
| 650 | 0 |
_aEstadística matemática _xProblemas, ejercicios, etc. _920984 |
|
| 650 | 0 |
_aEstadística matemática _xEstudio y enseñanza _920984 |
|
| 650 | 4 |
_aVariables (estadística) _919736 |
|
| 700 | 1 |
_aMoreta, Abrahan A. _919737 |
|
| 700 | 1 |
_aLuna, Fidel S. _919738 |
|
| 710 | 2 |
_aUniversidad Católica de Santo Domingo _91476 |
|
| 910 | _aValidado. Control de calidad MFF | ||
| 942 |
_2ddc _cLBS1 |
||
| 999 |
_c40639 _d40639 |
||